01241nam a2200169 45000010006000000050017000060100018000230900010000410990006000511000041000572000035000983230015001333300802001486100030009507000022009809950069010021405120260326113150.0 a9782847053241 a14051 o0 a20260326d u||y0frey50 ba aLeurs coeurs se balancerbLIVR aindéfini aDans Leurs cœurs se balancer, il y a le bruissement de la forêt. La petite fille n’a pas de nom, le lapin n’a pas de visage et un curieux personnage court après le temps. Mais la nuit on entend les cœurs se balancer, murmurer leurs secrets, et nos trois amis en sont transformés. Solitudine met en présence un tigre et un enfant. On pourrait croire le dialogue improbable. Mais douceur et tendresse détrônent les rapports de force et tout devient possible. Leur alliance déjoue la bêtise des chasseurs. Goutte d’O, ce sont les pensées d’un enfant qui suit une goutte d’eau de pluie sur une vitre et s’émerveille de tous ces O que sa mère ne voit pas. Il apprend tout à la fois le monde et les mots. Le quotidien se mue en alphabet et la larme en poème.  ajeunesseaenfanceanature aGaléabClaudine 2052026-03-26913942cJOLfJOL-007751kTH JP GAL Xo0bJOLrLIVR